Match band to its name origin - Statistics

General Stats
  • This quiz has been taken 30 times
  • The average score is 6 of 15
Answer Stats
Hint Answer % Correct
One of the members worked at Star Bucks, and when he gave change back to customers he said “Here, have your nickel back.” Nickleback
89%
The band wanted a nice sounding name, with positive meaning instead of edgy one like many bands at the time. The final name means "bliss" or being in "a transcendent state free from suffering." It’s the central concept in buddhism. Nirvana
81%
One of the members was at a party, where two gay guys discussed their love for felching- a sexual activity involving oral play with one’s anus, after anal sex. During said activity, one of them defecated on the other’s face. An undigested kernel of ____, among other things, remained on his tongue. The band adopted the name with “C” replaced with “K”, like the band above, and with reversed Я. The logo was drawn by the singer with his left hand. Korn
78%
Ironically named after infamous P.E. teacher, Leonard Skinner, at elementary school wchich the members attended. The band’s name is botched spelling of the teacher’s name. Lynyrd Skynyrd
78%
An acronym for We Are Sexual Perverts Wasp/W.A.S.P.
63%
Named after a game wchich involves placing a biscuit in the middle of a circle of men masturbating, with the intention of landing semen on the biscuit. Last one to do so is the one who eats it. The final name contains altered spelling. Limp Bizkit
56%
The band was named after the disease of the same name which Ian saw in a biology textbook, chosen because it sounded "sufficiently evil". Anthrax
48%
Originally named Earth, later they found out that a group with that name already exists, so they started thinking of different name. The inspiration for final name came after seeing a movie about witches. Black Sabbath
41%
Named after Hungarian countess, who is rumored to have bathed in virgin’s blood to stay young. This is referenced in an eponymous song by a band Venom wchich pioneered the same genre. There are still disputes, as to wchich degree did the band draw inspiration from Venom. Bathory
30%
Named after a specific yet exaggerated kung-fu move, wchich appeared notably in the movie Kill Bill vol.2. Five Finger Death Punch/5 Finger Death Punch
22%
The band considered name The Misfits, wchich was already taken. So they chose a synonym they found in dictionary. “c” in the band’s name is also replaced with a “k”. Unlike band above, the name doesn’t start with “K” though. It’s the only hip hop group in this quiz Outkast
19%
The band had different name each show they performed, each time as ridiculous. Such names as Fred Astaire's Asshole or The Ashtray Babyheads. The final name is the one that stuck when they rose to fame. Contains a body part and name of a water sport. Butthole Surfers
15%
Canadian progressive metalcore band named after a device some believe is capable of communicating with the dead. Spiritbox
11%
The name is not just a play on the English synonym for god, it's also a name of a demon in the German mythology. Kreator
7%
In similiar fashion as the above, named after boss at the store where one of the members worked at. The name starts with M and is a plural of the name. Melvins
4%
No matching quizzes found
Score Distribution
Percent of People with Each Score
Percentile by Number Answered
Your Score History
You have not taken this quiz